000 00343nam a2200145Ia 4500
008 150201s2005 xx 000 0 und d
082 _a130
_bS2005B
100 _aBARON,ROBERT A.
245 _aSOCIAL PSYCHOLOGY
250 _a10TH
260 _bPEARSON PUBLICATION
_aDELHI
_c2005
300 _a1-728
650 _aPSYCHOLOGY
942 _2ddc
_cBK
999 _c3903
_d3903